[Event "DVM U20 2019"]
[Site "Braunschweig GER"]
[Date "2019.12.27"]
[Round "1"]
[White "Hennemann, Florian"]
[Black "Brunner, Wilken"]
[Result "0-1"]
[Termination "normal"]
[Board "7.3"]
[WhiteElo "1865"]
[BlackElo "1978"]
[WhiteClock "00:17:24"]
[BlackClock "00:41:33"]
[WhiteTeam "Sges Bensheim 1931"]
[BlackTeam "Karlsruher SF"]
[PlyCount "93"]
[WhiteFideId "16272692"]
[BlackFideId "12928771"]
[EventCountry "GER"]
[EventRounds "7"]
[EventType "team-swiss"]
[EventDate "2019.12.26"]

1. e4 {[%clk 1:30:58]} e6 {[%clk 1:30:55]} 2. d4 {[%clk 1:31:18]} d5 {[%clk
1:31:20]} 3. Nc3 {[%clk 1:31:42]} Nf6 {[%clk 1:31:46]} 4. Bg5 {[%clk 1:32:06]}
Bb4 {[%clk 1:30:23]} 5. e5 {[%clk 1:32:07]} h6 {[%clk 1:30:49]} 6. Bc1 {[%clk
1:30:33]} Ne4 {[%clk 1:31:14]} 7. Qg4 {[%clk 1:28:39]} Kf8 {[%clk 1:28:54]} 8.
a3 {[%clk 1:16:48]} Bxc3+ 9. bxc3 {[%clk 1:17:11]} c5 {[%clk 1:26:12]} 10. f3
{[%clk 1:12:18]} Nxc3 {[%clk 1:21:17]} 11. dxc5 {[%clk 1:01:27]} Nc6 {[%clk
1:21:02]} 12. Bd2 {[%clk 0:59:34]} d4 {[%clk 1:20:56]} 13. f4 {[%clk 0:53:47]}
Ne4 {[%clk 1:19:05]} 14. Nf3 {[%clk 0:53:03]} Nxc5 {[%clk 1:09:49]} 15. Bb5
{[%clk 0:45:48]} Ne7 {[%clk 1:05:38]} 16. O-O {[%clk 0:38:42]} Bd7 {[%clk
1:03:46]} 17. Bc4 {[%clk 0:35:44]} Nf5 {[%clk 1:01:20]} 18. Nxd4 {[%clk
0:29:37]} Nxd4 {[%clk 1:00:27]} 19. Be3 {[%clk 0:29:34]} Nxc2 {[%clk 0:49:40]}
20. Bxc5+ {[%clk 0:20:50]} Kg8 {[%clk 0:49:59]} 21. Rac1 {[%clk 0:20:10]} Qc7
{[%clk 0:50:13]} 22. Rxc2 {[%clk 0:19:06]} Qxc5+ {[%clk 0:50:37]} 23. Kh1
{[%clk 0:19:22]} Qxa3 {[%clk 0:49:35]} 24. Rd2 {[%clk 0:15:39]} Qa4 {[%clk
0:48:27]} 25. Rfd1 {[%clk 0:14:27]} Qxc4 {[%clk 0:43:05]} 26. Rxd7 {[%clk
0:14:45]} b5 {[%clk 0:43:12]} 27. R7d4 {[%clk 0:12:40]} Qc5 {[%clk 0:43:21]}
28. Qf3 {[%clk 0:09:05]} Rc8 {[%clk 0:42:40]} 29. h3 {[%clk 0:08:01]} a5 {[%clk
0:41:47]} 30. Qb7 {[%clk 0:08:02]} Qc6 {[%clk 0:38:59]} 31. Qa7 {[%clk
0:04:48]} Ra8 {[%clk 0:38:28]} 32. Qe7 {[%clk 0:05:03]} Kh7 {[%clk 0:38:21]}
33. Qxf7 {[%clk 0:04:12]} Rhf8 {[%clk 0:38:30]} 34. Qh5 {[%clk 0:04:30]} b4
{[%clk 0:38:01]} 35. Rd6 {[%clk 0:04:56]} Qc4 {[%clk 0:38:18]} 36. R1d4 {[%clk
0:04:23]} Qf1+ {[%clk 0:35:43]} 37. Kh2 {[%clk 0:04:47]} Rxf4 {[%clk 0:35:21]}
38. Rd3 {[%clk 0:04:24]} Rf5 {[%clk 0:35:08]} 39. Qg4 {[%clk 0:04:11]} Rxe5
{[%clk 0:29:28]} 40. Rg3 {[%clk 0:01:47]} Qf6 {[%clk 0:29:27]} 41. Qd4 {[%clk
0:27:25]} Rf5 {[%clk 0:45:19]} 42. Qe4 {[%clk 0:25:02]} Re8 {[%clk 0:45:08]}
43. Re3 {[%clk 0:21:00]} Kh8 {[%clk 0:45:00]} 44. Qc6 {[%clk 0:20:38]} Qf8
{[%clk 0:40:58]} 45. Rexe6 {[%clk 0:17:19]} Rxe6 {[%clk 0:41:19]} 46. Rxe6
{[%clk 0:17:32]} Qb8+ {[%clk 0:41:33]} 47. Kg1 {[%clk 0:17:24]} *

[Event "DVM U20 2019"]
[Site "Braunschweig GER"]
[Date "2019.12.27"]
[Round "1"]
[White "Wegmer, Leon"]
[Black "Kaiser, Frederic"]
[Result "1/2-1/2"]
[Termination "normal"]
[Board "7.4"]
[WhiteElo "1939"]
[BlackElo "1901"]
[WhiteClock "00:43:27"]
[BlackClock "00:15:32"]
[WhiteTeam "Karlsruher SF"]
[BlackTeam "Sges Bensheim 1931"]
[PlyCount "85"]
[WhiteFideId "12983748"]
[BlackFideId "16240618"]
[EventCountry "GER"]
[EventRounds "7"]
[EventType "team-swiss"]
[EventDate "2019.12.26"]

1. e4 {[%clk 1:30:57]} e6 {[%clk 1:30:48]} 2. d4 {[%clk 1:31:22]} d5 {[%clk
1:31:15]} 3. Nd2 {[%clk 1:31:48]} Be7 {[%clk 1:31:39]} 4. c3 {[%clk 1:31:07]}
c5 {[%clk 1:31:59]} 5. exd5 Qxd5 {[%clk 1:31:06]} 6. Ngf3 {[%clk 1:30:56]} Nf6
{[%clk 1:21:07]} 7. Bc4 {[%clk 1:31:21]} Qd8 {[%clk 1:18:55]} 8. O-O {[%clk
1:31:21]} O-O 9. Nb3 Nbd7 {[%clk 1:17:56]} 10. Qc2 {[%clk 1:25:43]} Qc7 11.
dxc5 Nxc5 {[%clk 1:17:20]} 12. Be3 {[%clk 1:20:07]} b6 {[%clk 1:03:07]} 13. Bd4
{[%clk 1:13:39]} Nxb3 {[%clk 0:58:22]} 14. axb3 {[%clk 1:13:39]} Bb7 {[%clk
0:58:01]} 15. Be5 {[%clk 1:03:36]} Qc5 {[%clk 0:54:53]} 16. Bd4 {[%clk
1:02:39]} Qh5 {[%clk 0:54:27]} 17. Be2 {[%clk 0:55:31]} Bd6 {[%clk 0:38:54]}
18. Ne5 {[%clk 0:53:09]} Qg5 {[%clk 0:38:41]} 19. Bf3 {[%clk 0:52:58]} Bxf3
{[%clk 0:36:28]} 20. Nxf3 {[%clk 0:53:25]} Qf4 {[%clk 0:36:33]} 21. Ra4 {[%clk
0:53:00]} Qh6 {[%clk 0:29:51]} 22. Rfa1 {[%clk 0:50:46]} Bc5 {[%clk 0:21:08]}
23. Bxc5 {[%clk 0:50:01]} bxc5 {[%clk 0:21:36]} 24. Rxa7 {[%clk 0:50:05]} Rac8
{[%clk 0:21:25]} 25. R7a4 {[%clk 0:45:33]} Nd7 {[%clk 0:20:35]} 26. Qd2 {[%clk
0:43:54]} Qxd2 {[%clk 0:20:45]} 27. Nxd2 {[%clk 0:44:23]} Ne5 {[%clk 0:18:17]}
28. Nc4 {[%clk 0:43:58]} Nd3 {[%clk 0:16:03]} 29. Kf1 {[%clk 0:43:54]} Rb8
{[%clk 0:15:21]} 30. Ke2 {[%clk 0:41:45]} Rfd8 {[%clk 0:15:04]} 31. g3 {[%clk
0:41:16]} e5 {[%clk 0:07:52]} 32. Rd1 {[%clk 0:37:29]} e4 {[%clk 0:08:09]} 33.
Na5 {[%clk 0:36:39]} Re8 {[%clk 0:06:47]} 34. Rd2 {[%clk 0:33:55]} f5 {[%clk
0:06:40]} 35. Ke3 {[%clk 0:33:12]} g5 {[%clk 0:05:17]} 36. f4 {[%clk 0:32:13]}
g4 {[%clk 0:05:04]} 37. Ra3 {[%clk 0:30:46]} Re6 {[%clk 0:04:17]} 38. Nc4
{[%clk 0:29:06]} Kg7 {[%clk 0:04:09]} 39. Ra7+ {[%clk 0:27:29]} Kg6 {[%clk
0:03:53]} 40. Ne5+ {[%clk 0:23:35]} Nxe5 {[%clk 0:04:07]} 41. fxe5 {[%clk
0:24:00]} Rbb6 {[%clk 0:16:58]} 42. Kf4 {[%clk 0:53:49]} e3 {[%clk 0:15:32]}
43. Rd8 {[%clk 0:43:27]} *

[Event "DVM U20 2019"]
[Site "Braunschweig GER"]
[Date "2019.12.27"]
[Round "1"]
[White "Simrock, Manuel"]
[Black "Grining, Maria"]
[Result "0-1"]
[Termination "normal"]
[Board "7.5"]
[WhiteElo "1211"]
[BlackElo "1744"]
[WhiteClock "00:53:36"]
[BlackClock "00:25:53"]
[WhiteTeam "Sges Bensheim 1931"]
[BlackTeam "Karlsruher SF"]
[PlyCount "47"]
[WhiteFideId "16274814"]
[BlackFideId "16235037"]
[EventCountry "GER"]
[EventRounds "7"]
[EventType "team-swiss"]
[EventDate "2019.12.26"]

1. e4 {[%clk 1:30:58]} c6 {[%clk 1:30:53]} 2. d4 {[%clk 1:31:22]} d5 {[%clk
1:31:17]} 3. Nc3 {[%clk 1:31:47]} dxe4 {[%clk 1:32:05]} 4. Nxe4 {[%clk
1:32:13]} Nf6 {[%clk 1:32:05]} 5. Nxf6+ exf6 {[%clk 1:32:28]} 6. Nf3 {[%clk
1:32:31]} Bd6 {[%clk 1:30:41]} 7. Bd3 {[%clk 1:32:20]} Bg4 {[%clk 1:26:55]} 8.
h3 {[%clk 1:26:01]} Be6 9. O-O {[%clk 1:24:57]} g5 {[%clk 1:17:21]} 10. Re1
{[%clk 1:24:04]} h5 {[%clk 1:08:34]} 11. d5 {[%clk 1:18:13]} cxd5 {[%clk
1:07:13]} 12. Nd4 {[%clk 1:17:08]} Be5 {[%clk 1:02:10]} 13. Nxe6 {[%clk
1:08:45]} fxe6 {[%clk 0:59:38]} 14. Bg6+ {[%clk 1:09:12]} Kf8 {[%clk 0:55:26]}
15. Bxh5 {[%clk 1:08:47]} Nc6 {[%clk 0:54:18]} 16. Rb1 {[%clk 1:06:41]} Qd7
{[%clk 0:49:07]} 17. Bg6 {[%clk 1:04:54]} Qg7 {[%clk 0:39:31]} 18. Bd3 {[%clk
1:05:07]} f5 {[%clk 0:38:00]} 19. Qd2 {[%clk 0:56:04]} Bf4 {[%clk 0:28:57]} 20.
Qe2 {[%clk 0:56:16]} Nd4 {[%clk 0:28:35]} 21. Qd1 {[%clk 0:56:22]} Bxc1 {[%clk
0:26:05]} 22. Rxc1 {[%clk 0:55:29]} g4 {[%clk 0:26:04]} 23. hxg4 {[%clk
0:53:12]} Qh6 {[%clk 0:25:53]} 24. f4 {[%clk 0:53:36]} 0-1

[Event "DVM U20 2019"]
[Site "Braunschweig GER"]
[Date "2019.12.27"]
[Round "1"]
[White "Kokschenev, Michael"]
[Black "Meister, Konstantin"]
[Result "0-1"]
[Termination "normal"]
[Board "7.6"]
[WhiteElo "1552"]
[BlackElo "1256"]
[WhiteClock "00:03:56"]
[BlackClock "01:00:54"]
[WhiteTeam "Karlsruher SF"]
[BlackTeam "Sges Bensheim 1931"]
[PlyCount "120"]
[WhiteFideId "12983721"]
[BlackFideId "16298586"]
[EventCountry "GER"]
[EventRounds "7"]
[EventType "team-swiss"]
[EventDate "2019.12.26"]

1. e4 e5 {[%clk 1:31:23]} 2. Nf3 {[%clk 1:30:51]} Nc6 {[%clk 1:31:41]} 3. c3
{[%clk 1:31:17]} Nf6 {[%clk 1:31:51]} 4. d4 {[%clk 1:30:13]} exd4 {[%clk
1:31:39]} 5. e5 {[%clk 1:29:38]} Qe7 {[%clk 1:30:08]} 6. cxd4 {[%clk 1:29:46]}
d6 {[%clk 1:26:43]} 7. Bb5 {[%clk 1:28:02]} dxe5 {[%clk 1:18:58]} 8. d5 {[%clk
1:28:02]} Qb4+ {[%clk 1:19:06]} 9. Nc3 {[%clk 1:27:05]} Ne4 {[%clk 1:16:05]}
10. dxc6 {[%clk 1:27:04]} Nxc3 {[%clk 1:16:29]} 11. cxb7+ {[%clk 1:24:42]}
Nxb5+ {[%clk 1:16:22]} 12. Bd2 {[%clk 1:25:23]} Qe4+ {[%clk 1:13:07]} 13. Kf1
{[%clk 1:25:03]} Bxb7 {[%clk 1:03:38]} 14. Qb3 {[%clk 1:24:12]} Nd6 {[%clk
1:02:40]} 15. Re1 {[%clk 1:24:02]} Qc4+ {[%clk 1:01:31]} 16. Qxc4 {[%clk
1:24:08]} Nxc4 {[%clk 0:59:04]} 17. Bc3 {[%clk 1:22:43]} Bxf3 {[%clk 0:58:58]}
18. gxf3 {[%clk 1:23:06]} Bd6 {[%clk 0:52:25]} 19. a4 {[%clk 1:21:45]} a5
{[%clk 0:49:38]} 20. Re4 {[%clk 1:21:24]} Nb6 {[%clk 0:47:58]} 21. f4 {[%clk
1:19:58]} O-O {[%clk 0:47:10]} 22. fxe5 {[%clk 1:18:42]} Rfe8 23. Rg1 {[%clk
0:41:23]} Nd5 {[%clk 1:18:43]} 24. Reg4 {[%clk 0:40:36]} Bf8 {[%clk 1:16:03]}
25. Bd2 {[%clk 0:29:13]} Rxe5 {[%clk 1:13:04]} 26. Rxg7+ {[%clk 0:22:10]} Bxg7
{[%clk 1:13:21]} 27. Bh6 {[%clk 0:22:37]} Kf8 {[%clk 1:13:40]} 28. Bxg7+ {[%clk
0:23:00]} Ke7 {[%clk 1:12:18]} 29. Bxe5 {[%clk 0:23:26]} Ke6 {[%clk 1:12:31]}
30. Bd4 {[%clk 0:22:46]} Rb8 {[%clk 1:12:26]} 31. Rg3 {[%clk 0:21:12]} Rb4
{[%clk 1:12:14]} 32. Bc5 {[%clk 0:20:55]} Rxb2 {[%clk 1:11:56]} 33. Rh3 {[%clk
0:19:40]} Nf4 {[%clk 1:11:12]} 34. Re3+ {[%clk 0:18:02]} Kf5 {[%clk 1:10:10]}
35. Bd4 {[%clk 0:14:59]} Rb1+ {[%clk 1:08:41]} 36. Re1 {[%clk 0:15:22]} Rxe1+
{[%clk 1:08:47]} 37. Kxe1 {[%clk 0:15:48]} Ke4 {[%clk 1:08:58]} 38. Bc3 {[%clk
0:16:05]} Nd3+ {[%clk 1:08:23]} 39. Kf1 {[%clk 0:15:57]} Nc5 {[%clk 1:07:06]}
40. Bxa5 {[%clk 0:15:07]} c6 {[%clk 1:07:17]} 41. Ke2 {[%clk 0:12:33]} Nxa4
{[%clk 1:07:30]} 42. f3+ {[%clk 0:10:41]} Kd4 {[%clk 1:07:28]} 43. Kd2 {[%clk
0:10:46]} c5 {[%clk 1:06:57]} 44. Bd8 {[%clk 0:10:04]} Kc4 {[%clk 1:05:25]} 45.
Kc2 {[%clk 0:09:48]} Kb4 {[%clk 1:04:48]} 46. Be7 {[%clk 0:09:04]} Kc4 {[%clk
1:03:47]} 47. Bd8 {[%clk 0:08:39]} Nc3 {[%clk 1:03:06]} 48. Bf6 {[%clk
0:06:32]} Nd5 {[%clk 1:03:15]} 49. Bg5 {[%clk 0:05:55]} Nb4+ {[%clk 1:02:32]}
50. Kc1 {[%clk 0:04:33]} Kb3 {[%clk 1:02:07]} 51. Be7 {[%clk 0:03:11]} c4
{[%clk 1:00:46]} 52. Bxb4 {[%clk 0:03:26]} Kxb4 {[%clk 1:00:46]} 53. Kc2 {[%clk
0:03:40]} c3 {[%clk 1:00:48]} 54. Kc1 {[%clk 0:03:23]} Kc4 {[%clk 1:00:54]} 55.
Kc2 {[%clk 0:03:45]} Kd4 {[%clk 1:00:54]} 56. f4 {[%clk 0:03:03]} f5 {[%clk
1:00:44]} 57. Kd1 {[%clk 0:03:09]} Ke3 {[%clk 1:00:49]} 58. Kc2 {[%clk
0:03:34]} Kxf4 {[%clk 1:01:08]} 59. Kxc3 {[%clk 0:04:00]} Ke3 {[%clk 1:01:20]}
60. Kc2 {[%clk 0:03:56]} Ke2 {[%clk 1:00:54]} 0-1

[Event "DVM U20 2019"]
[Site "Braunschweig GER"]
[Date "2019.12.27"]
[Round "1"]
[White "Stelmaszyk, Nico"]
[Black "Yankelevich, Michael"]
[Result "1-0"]
[Termination "normal"]
[Board "8.1"]
[WhiteElo "2194"]
[BlackElo "2064"]
[WhiteClock "00:18:33"]
[BlackClock "01:47:41"]
[WhiteTeam "SK Lehrte"]
[BlackTeam "SG Trier"]
[PlyCount "185"]
[WhiteFideId "16200462"]
[BlackFideId "12921440"]
[EventCountry "GER"]
[EventRounds "7"]
[EventType "team-swiss"]
[EventDate "2019.12.26"]

1. e4 {[%clk 1:30:56]} c5 {[%clk 1:30:53]} 2. c3 {[%clk 1:31:22]} d5 {[%clk
1:29:58]} 3. exd5 {[%clk 1:31:46]} Qxd5 {[%clk 1:30:24]} 4. d4 {[%clk 1:32:10]}
Nc6 {[%clk 1:30:44]} 5. Nf3 {[%clk 1:32:34]} Bg4 {[%clk 1:27:53]} 6. Be2 {[%clk
1:32:57]} cxd4 {[%clk 1:24:37]} 7. cxd4 {[%clk 1:33:16]} e6 {[%clk 1:24:59]} 8.
Nc3 {[%clk 1:33:39]} Bb4 {[%clk 1:25:12]} 9. O-O {[%clk 1:33:52]} Bxc3 {[%clk
1:25:23]} 10. bxc3 {[%clk 1:34:14]} Nf6 {[%clk 1:25:43]} 11. Ba3 Qd7 {[%clk
1:19:24]} 12. h3 {[%clk 1:20:36]} Bxf3 {[%clk 1:15:51]} 13. Bxf3 {[%clk
1:20:56]} Ne7 {[%clk 1:15:39]} 14. Qb3 {[%clk 1:08:59]} Rb8 {[%clk 1:15:26]}
15. Bxe7 {[%clk 1:08:39]} Qxe7 {[%clk 1:15:09]} 16. Qa4+ {[%clk 1:08:52]} Qd7
{[%clk 1:15:33]} 17. Qxa7 {[%clk 1:09:07]} O-O {[%clk 1:15:23]} 18. Rfb1 {[%clk
1:07:01]} b6 {[%clk 1:11:26]} 19. Qxd7 {[%clk 1:06:59]} Nxd7 {[%clk 1:11:54]}
20. Rb4 {[%clk 1:04:57]} Rfc8 {[%clk 1:12:00]} 21. c4 {[%clk 1:04:45]} Rc7
{[%clk 1:11:33]} 22. c5 {[%clk 0:57:44]} bxc5 {[%clk 1:10:30]} 23. Rxb8+ {[%clk
0:58:05]} Nxb8 {[%clk 1:10:58]} 24. dxc5 {[%clk 0:58:27]} Rxc5 {[%clk 1:11:25]}
25. Rd1 {[%clk 0:58:50]} Rc8 {[%clk 1:11:49]} 26. Bb7 {[%clk 0:59:15]} Re8
{[%clk 1:11:34]} 27. a4 {[%clk 0:59:38]} g6 {[%clk 1:11:49]} 28. a5 {[%clk
1:00:01]} Kg7 {[%clk 1:12:14]} 29. a6 {[%clk 1:00:20]} Nxa6 {[%clk 1:12:41]}
30. Bxa6 {[%clk 1:00:44]} Ra8 {[%clk 1:13:04]} 31. Bb7 {[%clk 0:59:54]} Ra7
{[%clk 1:13:19]} 32. Rd7 {[%clk 0:57:44]} h6 {[%clk 1:13:05]} 33. Bc6 {[%clk
0:56:32]} Ra1+ {[%clk 1:13:21]} 34. Kh2 {[%clk 0:56:57]} Rc1 {[%clk 1:13:38]}
35. Bb5 {[%clk 0:57:11]} Kf6 {[%clk 1:13:10]} 36. Rb7 {[%clk 0:56:32]} Rc8
{[%clk 1:13:34]} 37. Ba4 {[%clk 0:48:05]} Ra8 {[%clk 1:13:27]} 38. Rb4 {[%clk
0:47:01]} Rc8 {[%clk 1:13:46]} 39. Rf4+ {[%clk 0:46:42]} Kg7 {[%clk 1:11:13]}
40. Rf3 {[%clk 0:45:14]} Ra8 {[%clk 1:11:21]} 41. Bb3 {[%clk 0:45:33]} Rd8
{[%clk 1:11:39]} 42. Kg1 {[%clk 0:44:38]} Rc8 {[%clk 1:11:54]} 43. Kf1 {[%clk
0:45:03]} Rb8 {[%clk 1:12:17]} 44. Ke2 {[%clk 0:45:28]} Rc8 {[%clk 1:12:44]}
45. Kd3 {[%clk 0:45:49]} Rd8+ {[%clk 1:13:10]} 46. Kc3 {[%clk 0:45:28]} Rc8+
{[%clk 1:13:35]} 47. Bc4 {[%clk 0:45:50]} Ra8 {[%clk 1:14:01]} 48. Kb4 {[%clk
0:46:13]} Rb8+ {[%clk 1:14:22]} 49. Bb5 {[%clk 0:46:32]} Rc8 {[%clk 1:14:48]}
50. Rc3 {[%clk 0:33:59]} Rd8 {[%clk 1:14:22]} 51. Rd3 {[%clk 0:34:23]} Rc8
{[%clk 1:14:38]} 52. Rf3 {[%clk 0:34:00]} Kf8 {[%clk 1:14:42]} 53. Bd7 {[%clk
0:33:45]} Rb8+ {[%clk 1:15:08]} 54. Kc5 {[%clk 0:34:09]} Ke7 {[%clk 1:15:33]}
55. Bb5 {[%clk 0:34:26]} Rc8+ {[%clk 1:15:53]} 56. Bc6 {[%clk 0:34:22]} Rd8
{[%clk 1:16:17]} 57. Be4 {[%clk 0:25:24]} Rd2 {[%clk 1:14:50]} 58. Kc4 {[%clk
0:25:40]} Rd8 {[%clk 1:15:10]} 59. Kc3 {[%clk 0:26:02]} Rc8+ {[%clk 1:15:33]}
60. Kd2 {[%clk 0:26:21]} Rd8+ {[%clk 1:15:49]} 61. Ke2 {[%clk 0:25:56]} Rb8
{[%clk 1:16:07]} 62. g3 {[%clk 0:26:01]} Rb4 {[%clk 1:16:02]} 63. Bd3 {[%clk
0:26:13]} Rb8 {[%clk 1:16:21]} 64. Kf1 {[%clk 0:26:34]} Rd8 {[%clk 1:16:48]}
65. Kg2 Rd5 {[%clk 1:17:12]} 66. h4 {[%clk 0:24:07]} h5 {[%clk 1:17:29]} 67.
Be2 {[%clk 0:23:07]} Rd2 {[%clk 1:17:42]} 68. Re3 {[%clk 0:22:57]} Kf6 {[%clk
1:17:56]} 69. f3 {[%clk 0:22:46]} Rb2 {[%clk 1:17:58]} 70. g4 {[%clk 0:21:49]}
hxg4 {[%clk 1:17:07]} 71. fxg4 {[%clk 0:22:14]} Rc2 {[%clk 1:17:23]} 72. Kg3
{[%clk 0:21:45]} Rc5 {[%clk 1:17:06]} 73. Bf3 {[%clk 0:06:51]} Rb5 {[%clk
1:17:10]} 74. Re4 {[%clk 0:21:58]} Rb3 {[%clk 1:45:19]} 75. Rf4+ {[%clk
0:19:42]} Kg7 {[%clk 1:45:38]} 76. g5 {[%clk 0:19:47]} Rc3 {[%clk 1:45:50]} 77.
Ra4 {[%clk 0:19:57]} Rc7 {[%clk 1:45:32]} 78. Kf4 {[%clk 0:20:11]} Rc5 {[%clk
1:45:46]} 79. Rb4 {[%clk 0:20:27]} Rf5+ {[%clk 1:45:42]} 80. Kg4 {[%clk
0:20:03]} Rc5 {[%clk 1:46:06]} 81. Kf4 {[%clk 0:19:50]} Rf5+ {[%clk 1:46:29]}
82. Ke3 {[%clk 0:20:11]} Ra5 {[%clk 1:46:50]} 83. Rb7 {[%clk 0:19:50]} Rc5
{[%clk 1:46:56]} 84. Be4 {[%clk 0:18:17]} Ra5 {[%clk 1:46:42]} 85. h5 {[%clk
0:17:09]} Rxg5 {[%clk 1:45:47]} 86. hxg6 {[%clk 0:17:24]} Rg1 {[%clk 1:46:01]}
87. Rxf7+ {[%clk 0:17:34]} Kg8 {[%clk 1:46:25]} 88. Re7 {[%clk 0:17:55]} Ra1
{[%clk 1:46:44]} 89. Rxe6 {[%clk 0:18:09]} Kf8 {[%clk 1:46:58]} 90. Kf4 {[%clk
0:18:26]} Kg8 {[%clk 1:47:18]} 91. Kg5 {[%clk 0:18:46]} Rc1 {[%clk 1:47:24]}
92. Kh6 {[%clk 0:18:15]} Rc8 {[%clk 1:47:41]} 93. Bd5 {[%clk 0:18:33]} 1-0

[Event "DVM U20 2019"]
[Site "Braunschweig GER"]
[Date "2019.12.27"]
[Round "1"]
[White "Rauch, Sören"]
[Black "Meiwes, Thore"]
[Result "1/2-1/2"]
[Termination "normal"]
[Board "8.2"]
[WhiteElo "1901"]
[BlackElo "2106"]
[WhiteClock "00:24:13"]
[BlackClock "00:33:10"]
[WhiteTeam "SG Trier"]
[BlackTeam "SK Lehrte"]
[PlyCount "97"]
[WhiteFideId "12973289"]
[BlackFideId "16201256"]
[EventCountry "GER"]
[EventRounds "7"]
[EventType "team-swiss"]
[EventDate "2019.12.26"]

1. d4 {[%clk 1:30:57]} Nf6 {[%clk 1:30:55]} 2. Nf3 {[%clk 1:31:22]} d5 {[%clk
1:31:18]} 3. Bf4 {[%clk 1:31:31]} c5 {[%clk 1:31:37]} 4. c3 {[%clk 1:31:28]}
Nc6 {[%clk 1:31:52]} 5. e3 {[%clk 1:31:41]} Qb6 {[%clk 1:32:09]} 6. Qb3 {[%clk
1:30:51]} c4 {[%clk 1:32:31]} 7. Qxb6 {[%clk 1:30:39]} axb6 {[%clk 1:32:53]} 8.
Nbd2 {[%clk 1:30:58]} b5 {[%clk 1:32:28]} 9. Be2 {[%clk 1:29:36]} Bf5 {[%clk
1:31:32]} 10. O-O {[%clk 1:27:16]} b4 {[%clk 1:31:47]} 11. Ne5 {[%clk 1:23:51]}
bxc3 {[%clk 1:27:48]} 12. bxc3 {[%clk 1:24:14]} e6 {[%clk 1:27:14]} 13. g4
{[%clk 1:01:56]} Bc2 {[%clk 1:25:39]} 14. Rfc1 {[%clk 1:00:02]} Ba4 {[%clk
1:25:32]} 15. Rcb1 {[%clk 0:50:17]} Ra7 {[%clk 1:21:53]} 16. Nxc6 {[%clk
0:33:55]} Bxc6 {[%clk 1:18:43]} 17. a4 {[%clk 0:33:03]} Be7 {[%clk 1:15:09]}
18. e4 {[%clk 0:28:10]} O-O {[%clk 1:14:17]} 19. g5 {[%clk 0:27:57]} Nd7 {[%clk
1:07:03]} 20. exd5 {[%clk 0:27:35]} exd5 {[%clk 1:07:18]} 21. Bf3 {[%clk
0:26:04]} Rfa8 {[%clk 1:05:49]} 22. Re1 {[%clk 0:22:56]} Bf8 {[%clk 1:04:55]}
23. Bg4 {[%clk 0:23:01]} Rxa4 {[%clk 1:01:24]} 24. Rxa4 {[%clk 0:23:00]} Ra7
25. Ra5 Rxa5 {[%clk 0:59:52]} 26. Nf3 {[%clk 0:19:03]} Ra8 {[%clk 0:57:23]} 27.
Ne5 {[%clk 0:16:56]} Nxe5 {[%clk 0:57:24]} 28. Bxe5 {[%clk 0:15:29]} Ra3 {[%clk
0:55:18]} 29. Rc1 {[%clk 0:12:55]} b5 {[%clk 0:55:07]} 30. Kg2 {[%clk 0:12:03]}
b4 {[%clk 0:52:55]} 31. cxb4 {[%clk 0:12:18]} Ra4 {[%clk 0:43:59]} 32. b5
{[%clk 0:09:04]} Bxb5 {[%clk 0:43:08]} 33. Bd1 {[%clk 0:07:03]} Rb4 {[%clk
0:37:02]} 34. Ra1 {[%clk 0:05:47]} Bc6 {[%clk 0:37:21]} 35. Ra7 {[%clk
0:05:17]} Bb7 {[%clk 0:35:46]} 36. Ra5 {[%clk 0:05:07]} Rb1 {[%clk 0:31:34]}
37. Bc2 {[%clk 0:04:53]} Rb2 {[%clk 0:31:07]} 38. Ra7 {[%clk 0:05:04]} Be7
{[%clk 0:28:46]} 39. h4 {[%clk 0:04:30]} f6 {[%clk 0:28:42]} 40. gxf6 {[%clk
0:04:25]} gxf6 {[%clk 0:27:27]} 41. Bf4 {[%clk 0:04:31]} c3 {[%clk 0:23:43]}
42. Bf5 {[%clk 0:03:27]} Bf8 {[%clk 0:17:38]} 43. Be6+ {[%clk 0:02:51]} Kh8
{[%clk 0:17:38]} 44. Bf5 {[%clk 0:03:01]} Rb6 {[%clk 0:11:45]} 45. h5 {[%clk
0:28:18]} Rb4 {[%clk 0:36:44]} 46. Kg3 {[%clk 0:26:52]} Rb2 {[%clk 0:34:36]}
47. h6 {[%clk 0:24:20]} c2 {[%clk 0:33:46]} 48. Bxc2 {[%clk 0:23:48]} Rxc2
{[%clk 0:33:10]} 49. Rxb7 {[%clk 0:24:13]} *

[Event "DVM U20 2019"]
[Site "Braunschweig GER"]
[Date "2019.12.27"]
[Round "1"]
[White "Reimer, Philip"]
[Black "Düro, Liam"]
[Result "1-0"]
[Termination "normal"]
[Board "8.3"]
[WhiteElo "2065"]
[BlackElo "1841"]
[WhiteClock "00:36:24"]
[BlackClock "00:25:18"]
[WhiteTeam "SK Lehrte"]
[BlackTeam "SG Trier"]
[PlyCount "43"]
[WhiteFideId "16235860"]
[BlackFideId "16262484"]
[EventCountry "GER"]
[EventRounds "7"]
[EventType "team-swiss"]
[EventDate "2019.12.26"]

1. e4 c6 2. d4 d5 3. e5 Bf5 4. Nf3 e6 5. Be2 Nd7 6. O-O c5 7. c4 dxc4 8. Na3
Qc7 9. Nxc4 Rd8 10. Bf4 Be4 11. Rc1 {[%clk 1:09:36]} f6 {[%clk 1:00:32]} 12.
Nd6+ {[%clk 0:58:17]} Bxd6 {[%clk 1:00:26]} 13. exd6 {[%clk 0:58:38]} Qa5
{[%clk 0:58:02]} 14. Bc4 {[%clk 0:57:04]} cxd4 {[%clk 0:43:09]} 15. Nxd4 {[%clk
0:47:25]} e5 {[%clk 0:34:12]} 16. Qg4 {[%clk 0:47:33]} Bg6 {[%clk 0:25:41]} 17.
Bxg8 {[%clk 0:41:27]} f5 {[%clk 0:25:19]} 18. Qg5 {[%clk 0:38:24]} Nf6 {[%clk
0:25:17]} 19. Bxe5 {[%clk 0:38:32]} Qxe5 {[%clk 0:25:32]} 20. Rfe1 {[%clk
0:35:59]} Ne4 {[%clk 0:25:35]} 21. Rxe4 {[%clk 0:36:00]} Qxe4 {[%clk 0:25:18]}
22. Ne6 {[%clk 0:36:24]} 1-0